Language and ideology
Guardat en:
| Autors principals: | , , |
|---|---|
| Format: | Llibre |
| Idioma: | anglès |
| Publicat: |
Amsterdam
John Benjamins
2001
|
| Col·lecció: | Amsterdam Studies in the Theory and History of Linguistic Science, 205
|
| Matèries: | |
| Etiquetes: |
Afegir etiqueta
Sense etiquetes, Sigues el primer a etiquetar aquest registre!
|
MARC
| LEADER | 00000nam a2200000 a 4500 | ||
|---|---|---|---|
| 001 | UCM7430 | ||
| 003 | CL-VaPUC | ||
| 008 | 021220e20010000NE |||||||||||||||||eng|d | ||
| 082 | 0 | 4 | |a 401 |b DIR |2 21 |
| 100 | 0 | |a Dirven, René |e author |9 472993 | |
| 700 | 0 | |a Frank, Roslyn |e author |9 472994 | |
| 700 | 0 | |a Ilie, Cornelia |e author |9 472995 | |
| 245 | 1 | 0 | |a Language and ideology |
| 300 | |a v | ||
| 942 | |c BK | ||
| 945 | |d 20021220 00:00:00 |a cmena | ||
| 260 | |a Amsterdam |b John Benjamins |c 2001 | ||
| 500 | |a v.2: Descriptive cognitive approaches | ||
| 650 | 0 | |a Filosofía del lenguaje |9 257082 | |
| 650 | 0 | |a Ideologías políticas |9 255735 | |
| 650 | 0 | |a Cognición |9 270347 | |
| 650 | 0 | |a Análisis del discurso |9 256696 | |
| 583 | |a last modification |c 20021220 00:00:00 |k Rodrigo Vera | ||
| 490 | 0 | |a Amsterdam Studies in the Theory and History of Linguistic Science, 205 | |
| 999 | |c 302223 |d 302221 | ||
| 952 | |0 0 |1 0 |4 0 |6 401_000000000000000_DIR_2001 |7 0 |8 A |9 362347 |a FDOPOS |b FDOPOS |d 2019-11-21 |h v.2 |i 3870235 |o 401 DIR 2001 |p 3870235 |r 2025-01-22 |w 2019-11-21 |y BK |k MLA | ||